Catalog

Record Details

Catalog Search



Life application Bible commentary / James Cover Image Book Book

Life application Bible commentary / Bruce B. Barton, David R. Veerman, Neil Wilson ; Series editor: Grant Osborne James

Barton, Bruce B. (Author). Veerman, David R. (Added Author). Wilson, Neil S. (Added Author). Osborne, Grant R. (Added Author).

Record details

  • ISBN: 0-8423-2819-X
  • Physical Description: 155 p.
  • Publisher: Wheaton, Illinois Tyndale House Publishers 1992

Available copies

  • 1 of 1 copy available at Common Catalog SPOK.

Holds

  • 0 current holds with 1 total copy.
Show Only Available Copies
Location Call Number / Copy Notes Barcode Shelving Location Status Due Date
ETS Library 227.9107 424470005600 Volný výběr Available -

LDR 00880nam a2 00277
00138463
003CZ-PrJAB
00520031105000000.0
008031105s1992 xxu e |||| |eng
009us
020 . ‡a0-8423-2819-X
035 . ‡a(CONS)5386
035 . ‡aKPS5341
041 . ‡aeng
08214. ‡a227.9107
100 . ‡7724 ‡aBarton, Bruce B.
245 . ‡aLife application Bible commentary / ‡cBruce B. Barton, David R. Veerman, Neil Wilson ; Series editor: Grant Osborne ‡pJames
260 . ‡aWheaton, Illinois ‡bTyndale House Publishers ‡c1992
300 . ‡a155 p.
490 . ‡aLife application Bible commentary
653 . ‡aLife application Bible commentary ‡aJames
700 . ‡7291 ‡aVeerman, David R.
700 . ‡73837 ‡aWilson, Neil S.
700 . ‡71355 ‡aOsborne, Grant R.
8524 . ‡bETS ‡bETS ‡cVolný výběr ‡j227.9107 ‡gA ‡p424470005600
910 . ‡aABG450
999 . ‡a5386 ‡bAUTOGEN ‡c5386 ‡tbiblio
905 . ‡uadmin
901 . ‡a38463 ‡b ‡c38463 ‡tbiblio ‡sets

Additional Resources